| 000 | 02128ncm0a2200433 4500 | ||
|---|---|---|---|
| 001 | RU\NLR\ONIZ\212958 | ||
| 005 | 20250624195825.0 | ||
| 035 | _a(NLR Aleph) 010892446 | ||
| 071 | 2 | 0 | _aс 3372 к |
| 090 |
_a10561699 _c10561699 |
||
| 100 | _a20151105d2003 |||y0rusy50 ca | ||
| 101 | 0 | _arus | |
| 102 | _aRU | ||
| 125 | _aax | ||
| 200 | 1 |
_aДождик и художник _bНоты _eпесни для дет. хора с сопровожд. [фп.] _fД. Жученко |
|
| 210 |
_aСанкт-Петербург _cКомпозитор - Санкт-Петербург _d2003 |
||
| 215 |
_a32 с. _d29 см |
||
| 327 | 1 | _a1. Дождик и художник; 2. Бабушка-метель; 3. Охотник; 4. У ручья: по мотивам стихотворения Г. Новицкой; 5. На рыбалку; 6. День апрельский; 7. Дуэт / сл. Н. Хрущёвой (1, 3), С. Красновой (2, 6), Дм. Жученко (5), Ф. Тютчева (7) | |
| 606 | 1 |
_aПесни для детского хора _yРоссия _z20-21 вв. _jНоты _2nlr_sh |
|
| 686 |
_aЩ941.8-42я44(2Р=Рус) _vLBC/SL _2rubbk |
||
| 686 |
_aЩ984.22я44(2Р=Рус) _vLBC/SL _2rubbk |
||
| 700 | 1 |
_9z01790 _aЖученко _bД. О. _f1965- _gДмитрий Олегович _4230 |
|
| 702 | 1 |
_9z02790 _aХрущёва _bН. _gНаталья _4520 |
|
| 702 | 1 |
_9z03790 _aТютчев _bФ.И. _f1803-1873 _gФедор Иванович _4520 _7ca |
|
| 702 | 1 |
_9z04790 _aКраснова _bС. _4520 |
|
| 702 | 1 |
_9z05790 _aНовицкая _bГ. М. _f1933-2000 _gГалина Михайловна _4520 |
|
| 790 | 1 |
_9z01700 _aZhuchenko _bD. _f1965- _gDmitrij _4230 |
|
| 790 | 1 |
_9z02702 _aXrushhyova _bN. _gNatal`ya _4520 |
|
| 790 | 1 |
_9z03702 _aTyutchev _bF. I. _f1803-1873 _gFyodor Ivanovich _4520 _7ba |
|
| 790 | 1 |
_9z04702 _aKrasnova _bS. _4520 |
|
| 790 | 1 |
_9z05702 _aNoviczkaya _bG. _f1933-2000 _gGalina _4520 |
|
| 801 | 0 |
_aRU _bNLR _c20151105 _gPSBO |
|
| 801 | 1 |
_aRU _bNLR _c20151105 _2rusmarc |
|
| 801 | 2 |
_aRU _bNLR _c20151112 |
|
| 852 |
_aNLR _bМ _jК-3/27531 _p257298 _t1 |
||
| 942 | _cSCORE | ||
| 980 | _aNB | ||
| 980 | _aONIZ | ||